000 00568cam a2200205ua 4500
001 5494
005 20260515113909.0
008 130731n ii |||gr||||Z||||||eng
020 _a978-81-7835-204-6
040 _cMAIN
082 _a025.04
245 1 2 _aInformation preservation in library management
_ced. by Ramesh Chandra
260 _aDelhi:
_bKalpaz publications,
_c2013.
300 _aviii, 264p.
653 _aLibrary science
653 _aInformation storage
700 _aChandra, Ramesh,
_eEditor.,
700 _aShrivastava, A.P.,
_eEditor.
942 _cBK
999 _c4669
_d4669